00511nam a22001457a 4500020001600000040000900016082001800025100003100043245004800074260004800122650005600170942001200226999001900238952010800257 a04713212729 cNust a621.4021bSON aRicahrd E. Sonntag9127480 aIntroduction to engineering thermodynamics  aNew York:bJohn Willey and sons Inc,c2001. aIntroduction to engineering thermodynamics 9127481 2ddccBK c612596d612596 00102ddc4070aCEMEbCEMEcGENd2025-01-10l0o621.4021 SONpCEME- 34570r2025-01-10w2025-01-10yBK